M S Swaminathan: An Outstanding Contributor to India’s Agriculture and Rural Development (Record no. 80934)
[ view plain ]
| 000 -LEADER | |
|---|---|
| fixed length control field | 01151nam a22002537a 4500 |
| 003 - CONTROL NUMBER IDENTIFIER | |
| control field | OSt |
| 005 - DATE AND TIME OF LATEST TRANSACTION | |
| control field | 20231129121003.0 |
| 008 - FIXED-LENGTH DATA ELEMENTS--GENERAL INFORMATION | |
| fixed length control field | 231129b |||||||| |||| 00| 0 eng d |
| 040 ## - CATALOGING SOURCE | |
| Transcribing agency | STCPL |
| 041 ## - LANGUAGE CODE | |
| Language code of text/sound track or separate title | English |
| 100 ## - MAIN ENTRY--PERSONAL NAME | |
| Personal name | Venkatesh Athreya |
| 245 ## - TITLE STATEMENT | |
| Title of the article | M S Swaminathan: An Outstanding Contributor to India’s Agriculture and Rural Development |
| 246 ## - Journal / Periodical | |
| Title of the journal or magazine | Economic and Political Weekly |
| Volume, Issue | Vol.58; No.45-46 - |
| Month & Year | 11 Nov. 2023 |
| Pages | PP. 20-22 |
| 520 ## - SUMMARY, ETC. | |
| Summary, etc. | M S Swaminathan contributed not only to agriculture and rural development in India but also helped other developing countries through his leadership of the International Rice Research Institute and many other international bodies devoted to research and practical application of advances in agricultural sciences with the primary objective of eliminating hunger and ensuring universal food and nutrition security. |
| 630 ## - SUBJECT ADDED ENTRY--UNIFORM TITLE | |
| Uniform title | Botany |
| 650 ## - SUBJECT ADDED ENTRY--TOPICAL TERM | |
| Topical term | M S Swaminathan |
| 650 ## - SUBJECT ADDED ENTRY--TOPICAL TERM | |
| Topical term | Green Revolution |
| 650 ## - SUBJECT ADDED ENTRY--TOPICAL TERM | |
| Topical term | Agriculture |
| 650 ## - SUBJECT ADDED ENTRY--TOPICAL TERM | |
| Topical term | Agrarian Crisis |
| 650 ## - SUBJECT ADDED ENTRY--TOPICAL TERM | |
| Topical term | Rural Development |
| 856 ## - ELECTRONIC LOCATION AND ACCESS | |
| Uniform Resource Identifier | <a href="https://www.epw.in/journal/2023/45-46/commentary/m-s-swaminathan.html">https://www.epw.in/journal/2023/45-46/commentary/m-s-swaminathan.html</a> |
| 942 ## - ADDED ENTRY ELEMENTS (KOHA) | |
| Koha item type | Journal Articles |
| 942 ## - ADDED ENTRY ELEMENTS (KOHA) | |
| Source of classification or shelving scheme | Dewey Decimal Classification |
| Suppress in OPAC | No |
| Withdrawn status | Lost status | Source of classification or shelving scheme | Damaged status | Not for loan | Collection code | Home library | Current library | Shelving location | Date acquired | Total Checkouts | Date last seen | Price effective from | Koha item type |
|---|---|---|---|---|---|---|---|---|---|---|---|---|---|
| Dewey Decimal Classification | Botany | ST. THOMAS COLLEGE LIBRARY, PALAI | ST. THOMAS COLLEGE LIBRARY, PALAI | Back Volumes Section | 2023-11-29 | 2023-11-29 | 2023-11-29 | Journal Articles |
